000 00607nam a2200205Ii 4500
003 JO-AjNU
008 230605s9999||||xx |||||||||||||| ||und||
017 _a84/1/52
040 _aJO-AjNU
_bara
_erda
_cJO-AjNU
041 _aara
050 1 4 _aQ180A1A35 1983
100 3 _aظاهر، احمد جمال,
_eauthor
_98444
245 0 0 _aالبحث العلمي الحديث
264 3 1 _aعمان:دار الفكر ، 1983
300 _a299ص
336 _atext
_btxt
_2rdacontent
337 _aunmediated
_bn
_2rdamedia
338 _avolume
_bnc
_2rdacarrier
650 4 _aالبحث - طرق البحث
_98445
999 _aA792
_c4360
_d4360